000 00602nam a22001577a 4500
003 NUST
082 _a670
100 _aIdrees ,Muhammad
_951841
245 _aStatistical analysis of Process Parameters during Micro milling of Inconel-718 using cryogenic fluid as cutting coolant /
_cMuhammad Idrees
264 _aIslamabad:
_bSMME- NUST.
_c2021.
300 _a57p. ;
_bSoft Copy,
_c30cm.
650 _aMS Design and Manufacturing Engineering
_9119567
700 _aSupervisor : Dr. Najam ul Qadir
_9120899
856 _uhttp://10.250.8.41:8080/xmlui/handle/123456789/25489
942 _2ddc
_cTHE
999 _c608862
_d608862